Oscar Winning actors in the MCU - Statistics

General Stats
  • This quiz has been taken 193 times
  • The average score is 11 of 19
Answer Stats
Character Actor % Correct
Captain Marvel Brie Larson
95%
Jane Foster Natalie Portman
87%
Pepper Potts Gwyneth Paltrow
79%
Hela Cate Blanchett
77%
Aunt May Marisa Tomei
74%
Odin Anthony Hopkins
72%
Hank Pym Michael Douglas
72%
Alexander Pierce Robert Redford
60%
Mandarin Ben Kingsley
56%
Obadiah Stane Jeff Bridges
56%
The Ancient One Tilda Swinton
55%
The Collector Benicio del Toro
54%
Nakia Lupita Nyong'o
46%
Justin Hammer Sam Rockwell
43%
Loki ( actor ) Matt Damon
42%
Thunderbolt Ross William Hurt
40%
Col. Chester Philips Tommy Lee Jones
29%
Zuri Forest Whitaker
22%
Karen Jennifer Connelly
17%
No matching quizzes found
Score Distribution
Percent of People with Each Score
Percentile by Number Answered
Your Score History
You have not taken this quiz